Los derechos humanos y la OMC

Bibliographic Details
Main Author: Pipan, Anita
Format: Unknown
Language:Spanish
Published: Buenos Aires [etc.] : Ciudad Argentina, 2006
Subjects:
Online Access:Acceso restringido

MARC

LEADER 00000ny a22000003n 4500
005 2011062204444.0
008 070508s2006 ag spa d
020 |a 9789875073180 
035 |a 2555 
040 |a CEPC  |d vLex 
090 |c 986  |d 986 
100 1 |a Pipan, Anita 
245 1 4 |a Los derechos humanos y la OMC  |h [Recurso electrn̤ico]  |c Anita Pipan 
256 |a Servicio en ln̕ea 
260 |a Buenos Aires [etc.] :  |b Ciudad Argentina,   |c 2006 
300 |a 177 p. ;   |c 20 cm 
506 1 |a Contenido solo disponible en los productos indicados  |d vLex Global  |d vLex Global (Academic Edition, excluding Law Schools)  |d vLex Global (U.S. Academic Edition, Law Schools)  |d vLex Global (U.S. Academic Edition, excluding Law Schools)  |d vLex Global (Academic Edition, Law Schools) 
650 0 4 |a Comercio internacional 
650 0 4 |a Derechos humanos 
740 0 |a vLex Libros (Servicios en ln̕ea) 
856 4 0 |u http://vlex.com/source/2555  |z Acceso restringido 
942 |c BOOK 
999 2 4 |a Comercio Internacional 
999 2 4 |a Derechos Humanos 
999 2 4 |a OMC